Qual é a música do queen? - Statistics

Estatísticas Gerais
  • Esse quiz foi jogado 243 vezes
  • A pontuação média é 8 de 15
Estatísticas das Respostas
Hint Resposta % Correto
MamaJust killed a man Put a gun against his head Bohemian Rhapsody
90%
I'm burning through the sky, yeahTwo hundred degrees, that's why they call me Mr.Fahrenheit Don't stop me now
83%
You got mud on your faceYou big disgrace We will rock you
82%
Caviar and cigarettesWell-versed in etiquette Extraordinarily nice Killer Queen
67%
God knows, got to make it on my ownSo baby, can't you see? I want to break free
66%
But it's been no bed of rosesNo pleasure cruise We are the champions
60%
You will remember when this is blown overAnd everything's all by the way Love of my life
59%
So don't become some background noiseA backdrop for the girls and boys Radio Ga Ga
59%
Watching some good friends screaming "Let me out" Pray tomorrow gets me higher Under Pressure
56%
I have spent all my years in believing you
But I just can't get no relief, Lord!
Somebody to love
52%
Ain't no sound but the sound of his feetMachine guns ready to go Another One Bites the Dust
48%
Outside the dawn is breakingBut inside in the dark I'm aching to be free The show must go on
36%
There goes my babyShe knows how to rock and roll She drives me crazy Crazy little thing called love
31%
One dream, one soul, one prize, one goalOne golden glance of what should be A kind of magic
30%
Touch my world with your fingertipsAnd we can have forever Who wants to live forever
24%
Nenhum quiz correspondente encontrado
Distribuição das Pontuações
Porcentagem de Pessoas com Cada Pontuação
Percentil de Números Respondidos
Sua Pontuação Histórica
Você não jogou esse quiz